History of Japan (Record no. 4353)
[ view plain ]
| 000 -LEADER | |
|---|---|
| fixed length control field | 00361cam a2200157ua 4500 |
| 041 ## - LANGUAGE CODE | |
| Language code of text/sound track or separate title | eng |
| 082 ## - DEWEY DECIMAL CLASSIFICATION NUMBER | |
| Classification number | 952 |
| Item number | LAT/HI |
| 100 ## - MAIN ENTRY--AUTHOR NAME | |
| Personal name | Latourette, Kenneth Scott . |
| 245 ## - TITLE STATEMENT | |
| Title | History of Japan |
| 250 ## - EDITION STATEMENT | |
| Edition statement | / |
| 260 ## - PUBLICATION, DISTRIBUTION, ETC. (IMPRINT) | |
| Place of publication | New York : |
| Name of publisher | MacMillan and Company Limited , |
| Year of publication | 1957. |
| 300 ## - PHYSICAL DESCRIPTION | |
| Number of Pages | 299 ; . |
| 942 ## - ADDED ENTRY ELEMENTS (KOHA) | |
| Koha item type | Books |
| Withdrawn status | Lost status | Damaged status | Home library | Current library | Date acquired | Cost, normal purchase price | Full call number | Accession Number | Koha item type |
|---|---|---|---|---|---|---|---|---|---|
| Withdrawn | KAUAET | KAUAET | 07/04/2012 | 55.00 | 952 | 7061 | Books |
